[Event "13th Africa-ch (w)"]
[Site "Hammamet TUN"]
[Date "2019.07.09"]
[Round "1.1"]
[White "Shahenda, Wafa"]
[Black "Miladi, Amen"]
[Result "1-0"]
[WhiteElo "2175"]
[BlackElo "1777"]
[EventDate "2019.07.09"]
[PlyCount "85"]

1.e4 c5 2.Nf3 e6 3.d4 cxd4 4.Nxd4 a6 5.c4 Qc7 6.Nc3 g6 7.Be3 Bg7 8.Qd2 Ne7
9.Be2 Nbc6 10.Nc2 d6 11.Rd1 O-O 12.Qxd6 Qa5 13.Qa3 Qxa3 14.Nxa3 Bxc3+ 15.
bxc3 e5 16.O-O Be6 17.Rd2 Rac8 18.Bb6 Nb8 19.Rfd1 Rc6 20.Bd8 Nc8 21.Bg5 
Kg7 22.Be3 Rc7 23.Rb2 Nc6 24.Nc2 Na5 25.c5 f5 26.exf5 gxf5 27.f4 exf4 28.
Bd4+ Kg8 29.Rf1 Nc4 30.Rb4 Nd2 31.Rxf4 Bxa2 32.c4 a5 33.Rb2 Bxc4 34.Bh5 
Bd3 35.Ne1 Nc4 36.Nxd3 Nxb2 37.Nxb2 Ne7 38.Bd1 Ng6 39.Bb3+ Rff7 40.Rxf5 
Kf8 41.Rxf7+ Rxf7 42.Bxf7 Kxf7 43.Bc3 1-0

[Event "13th Africa-ch (w)"]
[Site "Hammamet TUN"]
[Date "2019.07.09"]
[Round "1.2"]
[White "Marzouk, Amira"]
[Black "Shroohk, Wafa"]
[Result "0-1"]
[WhiteElo "1667"]
[BlackElo "2144"]
[EventDate "2019.07.09"]
[PlyCount "48"]

1.d4 Nf6 2.Bf4 e6 3.e3 b6 4.Nf3 Bb7 5.Nbd2 d5 6.c3 Bd6 7.Bg3 O-O 8.Bh4 
Nbd7 9.Bd3 c5 10.O-O Qc7 11.Bg3 Bxg3 12.hxg3 e5 13.dxe5 Nxe5 14.Nxe5 Qxe5 
15.Qe2 Rad8 16.Nf3 Qh5 17.Ba6 Bxa6 18.Qxa6 Ng4 19.Rfd1 Rd6 20.Nh4 g5 21.f3
gxh4 22.fxg4 Qxg4 23.gxh4 Qxh4 24.Rd2 Rh6 0-1

[Event "13th Africa-ch (w)"]
[Site "Hammamet TUN"]
[Date "2019.07.09"]
[Round "1.3"]
[White "Mezioud, Amina"]
[Black "Ibrahim, Aishat"]
[Result "1-0"]
[WhiteElo "2128"]
[BlackElo "1661"]
[EventDate "2019.07.09"]
[PlyCount "48"]

1.e4 d5 2.exd5 Qxd5 3.d4 Nf6 4.Nf3 Bf5 5.Be2 e6 6.O-O Nc6 7.c4 Qd8 8.Nc3 
Be7 9.h3 O-O 10.Be3 h6 11.a3 a6 12.b4 Na7 13.Qb3 Ne4 14.Rad1 Nxc3 15.Qxc3 
Bf6 16.Ne5 c6 17.Bf3 Qc7 18.Bf4 Bxe5 19.Bxe5 Qd7 20.d5 cxd5 21.Bxg7 Rfc8 
22.Bxh6 f6 23.Qxf6 Rxc4 24.Bxd5 exd5 1-0

[Event "13th Africa-ch (w)"]
[Site "Hammamet TUN"]
[Date "2019.07.09"]
[Round "1.5"]
[White "Moaataz, Ayah"]
[Black "Mululu, Linah"]
[Result "1-0"]
[WhiteElo "2031"]
[BlackElo "1648"]
[EventDate "2019.07.09"]
[PlyCount "90"]

1.c4 Nf6 2.g3 Nc6 3.Bg2 e5 4.Nc3 a6 5.e3 b6 6.Nge2 Bb7 7.d4 exd4 8.exd4 
Na5 9.Bxb7 Nxb7 10.Nf4 c6 11.O-O Be7 12.Qf3 O-O 13.Be3 Nd6 14.b3 Nf5 15.
Nd3 Nxe3 16.fxe3 Qc7 17.e4 d6 18.Rac1 Qd7 19.Ne2 Ng4 20.h3 Nf6 21.Kh2 d5 
22.exd5 cxd5 23.Ne5 Qd6 24.Rfd1 Rac8 25.Nf4 dxc4 26.bxc4 Nd7 27.Nxd7 Qxd7 
28.Nd5 Bd8 29.c5 bxc5 30.dxc5 Qb5 31.c6 Re8 32.Rc2 Qa4 33.Qb3 Qe4 34.c7 h6
35.Qd3 Qe6 36.Nf4 Qb6 37.cxd8=Q Rcxd8 38.Nd5 Qa7 39.Qf3 Rc8 40.Re2 Rxe2+ 
41.Qxe2 Rb8 42.Ne7+ Kh8 43.Nc6 Qb6 44.Nxb8 Qxb8 45.Rd7 f6 1-0

[Event "13th Africa-ch (w)"]
[Site "Hammamet TUN"]
[Date "2019.07.09"]
[Round "1.6"]
[White "Chihi, Malek"]
[Black "Nassr, Lina"]
[Result "0-1"]
[WhiteElo "1526"]
[BlackElo "1982"]
[EventDate "2019.07.09"]
[PlyCount "91"]

1.e4 c5 2.Nf3 e6 3.c3 d5 4.exd5 exd5 5.d4 Bd6 6.Bd3 Ne7 7.O-O c4 8.Bc2 O-O
9.Ng5 g6 10.Re1 Qc7 11.g3 Nbc6 12.Nd2 Bd7 13.Nf1 b5 14.Ne3 h6 15.Nf3 Kg7 
16.Ng2 a5 17.Bf4 Bf5 18.Qd2 Bxf4 19.Nxf4 Qd6 20.Ne5 Bxc2 21.Qxc2 b4 22.
Nxc6 Nxc6 23.Rab1 Rab8 24.Qd2 Rb7 25.Ng2 Rfb8 26.Qc2 b3 27.axb3 Rxb3 28.
Ne3 Ne7 29.Qe2 R8b7 30.Nd1 Nc6 31.Qd2 a4 32.Ra1 Ra7 33.Qc1 Qd7 34.Re2 Na5 
35.Re1 Nb7 36.Ra3 Nd6 37.Rxb3 cxb3 38.Qb1 Qb5 39.Kg2 a3 40.bxa3 Rxa3 41.
Nb2 Ra2 42.Nd3 Ne4 43.Nb2 Nxc3 44.Qc1 Ne4 45.Re3 Qb4 46.Rf3 0-1

[Event "13th Africa-ch (w)"]
[Site "Hammamet TUN"]
[Date "2019.07.09"]
[Round "1.8"]
[White "Hwass, Zaineb"]
[Black "Mwango, Lorita"]
[Result "0-1"]
[WhiteElo "1403"]
[BlackElo "1931"]
[EventDate "2019.07.09"]
[PlyCount "61"]

1.d4 d5 2.Bf4 Nf6 3.e3 Bf5 4.Nd2 e6 5.h3 Be7 6.c3 O-O 7.Qb3 b6 8.Ngf3 c5 
9.Be2 Nbd7 10.O-O h6 11.Ba6 cxd4 12.cxd4 e5 13.Nxe5 Nxe5 14.Bxe5 Bc8 15.
Bb5 Bb7 16.Rac1 Rc8 17.Rc3 a6 18.Be2 Rxc3 19.Qxc3 Qd7 20.Qb3 Qc6 21.Bd3 g6
22.Re1 b5 23.Nf3 Rc8 24.a3 Qd7 25.Qd1 Nh5 26.g4 Ng7 27.Bg3 Qe6 28.Nd2 Kh7 
29.f3 Bg5 30.e4 Qb6 31.Nb3 0-1

[Event "13th Africa-ch (w)"]
[Site "Hammamet TUN"]
[Date "2019.07.09"]
[Round "1.9"]
[White "February, Jesse Nikki"]
[Black "Yavo, Tchetche Marie"]
[Result "1-0"]
[WhiteElo "1888"]
[BlackElo "1393"]
[EventDate "2019.07.09"]
[PlyCount "69"]

1.e4 e6 2.d4 d5 3.Nd2 c5 4.Ngf3 Nc6 5.exd5 exd5 6.dxc5 Bxc5 7.Bd3 Nf6 8.
O-O O-O 9.Nb3 Bd6 10.Bg5 Bg4 11.Be2 Re8 12.Re1 Rc8 13.c3 Bb8 14.g3 Qd6 15.
Bf4 Qd8 16.Bxb8 Rxb8 17.Nfd4 Bxe2 18.Rxe2 Qb6 19.Qc2 Rxe2 20.Nxe2 Re8 21.
Rd1 Ng4 22.Nf4 Nce5 23.Kg2 Qh6 24.h3 Nf6 25.Nd4 Nc6 26.Nf5 Qg5 27.h4 Qg4 
28.f3 Qxf5 29.Qxf5 Ne7 30.Qc2 g6 31.Re1 Nf5 32.Rxe8+ Nxe8 33.Qe2 Nf6 34.
Qe5 Nd7 35.Qe8+ 1-0

[Event "13th Africa-ch (w)"]
[Site "Hammamet TUN"]
[Date "2019.07.10"]
[Round "2.1"]
[White "Nassr, Lina"]
[Black "Shahenda, Wafa"]
[Result "1/2-1/2"]
[WhiteElo "1982"]
[BlackElo "2175"]
[EventDate "2019.07.09"]
[PlyCount "73"]

1.d4 Nf6 2.Nf3 g6 3.e3 Bg7 4.b3 c5 5.Bb2 cxd4 6.Nxd4 O-O 7.Be2 Nc6 8.O-O 
d5 9.c4 Nxd4 10.Bxd4 dxc4 11.Bxc4 Qc7 12.Qc1 e5 13.Bb2 b6 14.Be2 Qb8 15.
Nd2 Bb7 16.Nc4 Ne4 17.Qc2 Rc8 18.a4 a6 19.f3 Nd6 20.Qd2 Nxc4 21.Bxc4 Rd8 
22.Qe2 Bd5 23.Bxa6 Bxb3 24.Ra3 Be6 25.Bb5 Bf8 26.Rd3 Qc7 27.Rfd1 Rxd3 28.
Qxd3 Rc8 29.Rc1 Bc5 30.Kh1 Rd8 31.Qc3 Qd6 32.h3 f6 33.Bc4 Bxc4 34.Qxc4+ 
Qd5 35.Qxd5+ Rxd5 36.Kh2 Rd2 37.Bc3 1/2-1/2

[Event "13th Africa-ch (w)"]
[Site "Hammamet TUN"]
[Date "2019.07.10"]
[Round "2.2"]
[White "Shroohk, Wafa"]
[Black "El-Ansary, Eman"]
[Result "1-0"]
[WhiteElo "2144"]
[BlackElo "1946"]
[EventDate "2019.07.09"]
[PlyCount "71"]

1.e4 d5 2.exd5 Nf6 3.d4 Bg4 4.Be2 Bxe2 5.Qxe2 Qxd5 6.Nf3 e6 7.O-O Nc6 8.
Rd1 O-O-O 9.Nc3 Qf5 10.Be3 Bd6 11.Nb5 a6 12.Nxd6+ Rxd6 13.c4 Rhd8 14.b4 e5
15.d5 e4 16.Nh4 Qg4 17.Qxg4+ Nxg4 18.Bc5 R6d7 19.Re1 Nce5 20.Rxe4 f6 21.h3
Nh6 22.f4 Ng6 23.Nxg6 hxg6 24.Rae1 b5 25.cxb5 axb5 26.Re7 Nf5 27.Rxd7 Rxd7
28.g4 Nd6 29.Kf2 Kd8 30.Ke3 Nb7 31.Rd1 Nxc5 32.bxc5 c6 33.Ke4 Re7+ 34.Kd4 
cxd5 35.Rb1 Re2 36.Kxd5 1-0

[Event "13th Africa-ch (w)"]
[Site "Hammamet TUN"]
[Date "2019.07.10"]
[Round "2.3"]
[White "Mwango, Lorita"]
[Black "Mezioud, Amina"]
[Result "1-0"]
[WhiteElo "1931"]
[BlackElo "2128"]
[EventDate "2019.07.09"]
[PlyCount "62"]

1.d4 f5 2.Nf3 Nf6 3.e3 e6 4.Be2 b6 5.b3 Bb7 6.Bb2 Be7 7.Nbd2 O-O 8.c4 d5 
9.Rc1 Ne4 10.O-O Nd7 11.Rc2 Rc8 12.Qc1 c6 13.Ba3 Re8 14.Qb2 Bf6 15.cxd5 
exd5 16.Rfc1 Re6 17.b4 Qe8 18.g3 Rb8 19.Nb3 Ba8 20.Qb1 Be7 21.Nbd2 Qf8 22.
Qb3 b5 23.Nb1 Bd6 24.Bf1 Nb6 25.Nfd2 Nxd2 26.Nxd2 a5 27.Rb1 Bxb4 28.Bxb4 
Qxb4 29.Qxb4 axb4 30.Rxb4 Nc4 31.Nxc4 dxc4 1-0

[Event "13th Africa-ch (w)"]
[Site "Hammamet TUN"]
[Date "2019.07.10"]
[Round "2.4"]
[White "Latreche, Sabrina"]
[Black "February, Jesse Nikki"]
[Result "1-0"]
[WhiteElo "2062"]
[BlackElo "1888"]
[EventDate "2019.07.09"]
[PlyCount "61"]

1.c4 e5 2.Nc3 Nf6 3.g3 d5 4.cxd5 Nxd5 5.Bg2 Nb6 6.Nf3 Nc6 7.d3 Be7 8.O-O 
O-O 9.a3 Be6 10.b4 a5 11.b5 Nd4 12.Rb1 f6 13.Nxd4 exd4 14.Na4 Ba2 15.Ra1 
Bd5 16.Bh3 c6 17.bxc6 bxc6 18.Rb1 Nc8 19.Qc2 f5 20.e4 dxe3 21.fxe3 g6 22.
e4 fxe4 23.Rxf8+ Bxf8 24.dxe4 Bf7 25.Bb2 Bg7 26.Rd1 Qc7 27.Rd7 Qb8 28.Rd8+
Bf8 29.Qc3 Qa7+ 30.Kg2 Be8 31.Be6+ 1-0

[Event "13th Africa-ch (w)"]
[Site "Hammamet TUN"]
[Date "2019.07.10"]
[Round "2.6"]
[White "Miladi, Amen"]
[Black "Ravelomanana, Sabine"]
[Result "1-0"]
[WhiteElo "1777"]
[BlackElo "1832"]
[EventDate "2019.07.09"]
[PlyCount "79"]

1.e4 e5 2.Nf3 Nc6 3.Bc4 Nf6 4.d3 Be7 5.c3 O-O 6.Nbd2 d5 7.Bb3 Bg4 8.O-O d4
9.Bc2 Nd7 10.h3 Be6 11.Nb3 Nc5 12.Nxc5 Bxc5 13.b4 Bb6 14.b5 Ne7 15.Nxe5 
dxc3 16.Be3 Bd4 17.Bxd4 Qxd4 18.Nf3 Qb6 19.a4 Ng6 20.Ra3 Qc5 21.Qc1 Rad8 
22.d4 Qb4 23.d5 Bc8 24.Bd3 Nf4 25.Qxc3 Qd6 26.Qc1 Bxh3 27.e5 Nxd3 28.exd6 
Nxc1 29.Rxc1 Bc8 30.Rxc7 Rxd6 31.Rac3 Rdd8 32.Kh2 a6 33.b6 Rfe8 34.Ng5 f6 
35.Nf7 Rxd5 36.Rxc8 Kxf7 37.R3c7+ Re7 38.Rb8 Rd6 39.Rbxb7 Rxc7 40.bxc7 1-0

[Event "13th Africa-ch (w)"]
[Site "Hammamet TUN"]
[Date "2019.07.10"]
[Round "2.7"]
[White "Hilali, Wissal"]
[Black "Marzouk, Amira"]
[Result "0-1"]
[WhiteElo "1468"]
[BlackElo "1667"]
[EventDate "2019.07.09"]
[PlyCount "68"]

1.d4 Nf6 2.Bf4 d6 3.e3 g6 4.Nf3 Bg7 5.h3 O-O 6.Be2 c5 7.c4 Qb6 8.Qb3 Nh5 
9.Bh2 Nd7 10.Nc3 Re8 11.O-O Nhf6 12.Rac1 Qd8 13.Rfd1 Nb6 14.d5 Bd7 15.Qc2 
a6 16.e4 e5 17.a3 Rc8 18.Nd2 Bh6 19.Ncb1 Rf8 20.Rf1 Ne8 21.f4 exf4 22.Bxf4
Bxf4 23.Rxf4 Qg5 24.Rf3 f5 25.Rcf1 Ng7 26.Nc3 Rce8 27.Qd3 Qd8 28.exf5 Bxf5
29.Rxf5 Nxf5 30.Nce4 Nd7 31.Rxf5 Rxf5 32.Nxd6 Ne5 33.Nxb7 Nxd3 34.Nxd8 
Rxe2 0-1

[Event "13th Africa-ch (w)"]
[Site "Hammamet TUN"]
[Date "2019.07.10"]
[Round "2.8"]
[White "Ibrahim, Aishat"]
[Black "Hwass, Zaineb"]
[Result "1-0"]
[WhiteElo "1661"]
[BlackElo "1403"]
[EventDate "2019.07.09"]
[PlyCount "51"]

1.d4 d5 2.c4 dxc4 3.Nc3 e6 4.Bf4 a6 5.e3 Nf6 6.Bxc4 Nbd7 7.Nf3 Nb6 8.Qb3 
Bd7 9.Bd3 Be7 10.O-O O-O 11.Rfe1 c5 12.dxc5 Bxc5 13.Rac1 Rc8 14.Red1 Qe7 
15.a3 Rfd8 16.Bg5 h6 17.Bxf6 Qxf6 18.Ne4 Qe7 19.Nxc5 Rxc5 20.Qxb6 Rxc1 21.
Rxc1 Rc8 22.Rxc8+ Bxc8 23.h3 f6 24.Qd4 b5 25.Qc3 Bb7 26.Qd4 1-0

[Event "13th Africa-ch (w)"]
[Site "Hammamet TUN"]
[Date "2019.07.10"]
[Round "2.9"]
[White "Yavo, Tchetche Marie"]
[Black "Ampaire, Shakira"]
[Result "0-1"]
[WhiteElo "1393"]
[BlackElo "1651"]
[EventDate "2019.07.09"]
[PlyCount "51"]

1.d4 d5 2.Nf3 Nf6 3.e3 g6 4.c4 c6 5.Nbd2 Bg7 6.Be2 O-O 7.O-O Bf5 8.Nh4 Be4
9.Nxe4 Nxe4 10.Bd3 e5 11.Qg4 h5 12.Qf3 Qxh4 13.g3 Qg4 14.Be2 Qxf3 15.Bxf3 
exd4 16.exd4 Bxd4 17.cxd5 cxd5 18.Rb1 Nc6 19.Kg2 Rad8 20.b4 b5 21.Bxe4 
dxe4 22.Bf4 Ne5 23.Bc1 f5 24.Bg5 Rc8 25.Be3 Bxe3 26.fxe3 0-1

[Event "13th Africa-ch (w)"]
[Site "Hammamet TUN"]
[Date "2019.07.11"]
[Round "3.6"]
[White "Marzouk, Amira"]
[Black "Ofowino, Toritsemuwa"]
[Result "0-1"]
[WhiteElo "1667"]
[BlackElo "1877"]
[EventDate "2019.07.09"]
[PlyCount "70"]

1.d4 d5 2.Bf4 Nf6 3.e3 c5 4.c3 Qb6 5.Qb3 Nc6 6.Nd2 Bf5 7.dxc5 Qxb3 8.Nxb3 
e5 9.Bg3 Ne4 10.Nf3 f6 11.Nh4 Be6 12.Bd3 Nxc5 13.Nxc5 Bxc5 14.b4 Bf8 15.
Bb5 e4 16.f3 g5 17.fxe4 gxh4 18.Bxh4 Bg7 19.O-O O-O 20.exd5 Bxd5 21.Rfd1 
Rad8 22.c4 Be4 23.Bxc6 bxc6 24.a4 Rd3 25.Rxd3 Bxd3 26.c5 f5 27.Ra3 Be4 28.
b5 Rb8 29.Rb3 cxb5 30.axb5 Bf8 31.Bg3 Rb7 32.c6 Bxc6 33.bxc6 Rxb3 34.Be5 
Rb1+ 35.Kf2 Rc1 0-1

[Event "13th Africa-ch (w)"]
[Site "Hammamet TUN"]
[Date "2019.07.11"]
[Round "3.7"]
[White "Ravelomanana, Sabine"]
[Black "Mululu, Linah"]
[Result "1-0"]
[WhiteElo "1832"]
[BlackElo "1648"]
[EventDate "2019.07.09"]
[PlyCount "111"]

1.d4 Nf6 2.Bf4 d6 3.e3 b6 4.Nf3 g6 5.Be2 Bg7 6.Nbd2 Bb7 7.h3 Nfd7 8.Nc4 
O-O 9.O-O Qe8 10.Bh2 e5 11.dxe5 Nxe5 12.Ncxe5 dxe5 13.c3 c5 14.Qd6 f6 15.
Rfd1 Nc6 16.Qc7 Qc8 17.Rd7 Qxc7 18.Rxc7 Rab8 19.Bb5 Rfc8 20.Rd7 Na5 21.Be2
Rd8 22.Rad1 Rxd7 23.Rxd7 a6 24.Nxe5 Re8 25.Nc4 Bc6 26.Rc7 Bb5 27.Nd6 Rd8 
28.Nxb5 axb5 29.Kf1 Rd2 30.b4 Nc4 31.bxc5 bxc5 32.Rxc5 Rxa2 33.Bxc4+ bxc4 
34.Rxc4 f5 35.Rc8+ Kf7 36.Rc7+ Kg8 37.c4 Rc2 38.c5 h6 39.c6 Bc3 40.Rc8+ 
Kf7 41.c7 Ba5 42.Rh8 Bxc7 43.Rh7+ Ke6 44.Rxc7 Ra2 45.Rc6+ Kf7 46.Be5 Ra5 
47.Bd4 g5 48.Rxh6 Rd5 49.Ke2 f4 50.Kf3 fxe3 51.fxe3 Rf5+ 52.Kg4 Rf2 53.g3 
Rg2 54.Rf6+ Ke7 55.Rg6 Kf7 56.Rxg5 1-0

[Event "13th Africa-ch (w)"]
[Site "Hammamet TUN"]
[Date "2019.07.11"]
[Round "3.8"]
[White "Ampaire, Shakira"]
[Black "Miladi, Amen"]
[Result "0-1"]
[WhiteElo "1651"]
[BlackElo "1777"]
[EventDate "2019.07.09"]
[PlyCount "42"]

1.d4 Nf6 2.c4 g6 3.Nf3 Bg7 4.Nc3 O-O 5.g3 d6 6.Bg2 Nc6 7.d5 Na5 8.Nd2 c5 
9.a3 Nd7 10.Qc2 Ne5 11.b3 a6 12.f4 Ng4 13.Nde4 b5 14.cxb5 axb5 15.h3 Nf6 
16.Bb2 c4 17.b4 Nb3 18.Rd1 Qb6 19.Nxf6+ Bxf6 20.Nb1 Qe3 21.h4 Bxh4 0-1

[Event "13th Africa-ch (w)"]
[Site "Hammamet TUN"]
[Date "2019.07.11"]
[Round "3.9"]
[White "Chihi, Malek"]
[Black "Hilali, Wissal"]
[Result "1/2-1/2"]
[WhiteElo "1526"]
[BlackElo "1468"]
[EventDate "2019.07.09"]
[PlyCount "63"]

1.e4 c5 2.Nf3 d6 3.Bb5+ Nd7 4.d4 cxd4 5.Nxd4 a6 6.Ba4 b5 7.Bb3 Bb7 8.f3 
Ngf6 9.c4 Qb6 10.cxb5 axb5 11.Be3 Nc5 12.Nc3 b4 13.Nce2 g6 14.Bc4 Bg7 15.
Nb3 Nfd7 16.Qc2 O-O 17.O-O Rfc8 18.Kh1 Ba6 19.Bxa6 Qxa6 20.Nxc5 Nxc5 21.
Qd2 Rab8 22.Bd4 Bxd4 23.Nxd4 Qb7 24.Rac1 b3 25.axb3 Nxb3 26.Nxb3 Qxb3 27.
Rxc8+ Rxc8 28.Rc1 Rxc1+ 29.Qxc1 Kg7 30.Kg1 e6 31.Qc3+ Qxc3 32.bxc3 1/2-1/2

[Event "13th Africa-ch (w)"]
[Site "Hammamet TUN"]
[Date "2019.07.12"]
[Round "4.6"]
[White "Chihi, Malek"]
[Black "Shahenda, Wafa"]
[Result "0-1"]
[WhiteElo "1526"]
[BlackElo "2175"]
[EventDate "2019.07.09"]
[PlyCount "63"]

1.e4 c5 2.Nf3 Nc6 3.d4 cxd4 4.Nxd4 Nf6 5.Nc3 e5 6.Ndb5 d6 7.Nd5 Nxd5 8.
exd5 Nb8 9.c4 Be7 10.Bd3 O-O 11.O-O a6 12.Nc3 f5 13.b4 e4 14.Bc2 Bf6 15.
Bb2 Nd7 16.Qe2 Be5 17.Nd1 Rf6 18.Qe3 Rh6 19.g3 Qf6 20.Rb1 Bxb2 21.Nxb2 Ne5
22.Bd1 Rg6 23.Qf4 Bd7 24.f3 exf3 25.Bxf3 Nxf3+ 26.Qxf3 Rf8 27.Kh1 f4 28.
Qxf4 Bf5 29.Na4 Bxb1 30.Qxf6 Be4+ 31.Kg1 Rgxf6 32.Rxf6 0-1

[Event "13th Africa-ch (w)"]
[Site "Hammamet TUN"]
[Date "2019.07.12"]
[Round "4.7"]
[White "Nassr, Lina"]
[Black "Marzouk, Amira"]
[Result "0-1"]
[WhiteElo "1982"]
[BlackElo "1667"]
[EventDate "2019.07.09"]
[PlyCount "108"]

1.d4 Nf6 2.Nf3 d5 3.e3 c5 4.c4 Nc6 5.Nc3 dxc4 6.Bxc4 cxd4 7.exd4 e6 8.O-O 
Bb4 9.a3 Bxc3 10.bxc3 Qc7 11.Bd3 h6 12.c4 O-O 13.Bb2 b6 14.Rc1 Qf4 15.Bb1 
Rd8 16.Qc2 Bb7 17.Rcd1 Na5 18.Ne5 Be4 19.Qc3 Bxb1 20.Rxb1 Ne4 21.Qc2 Rac8 
22.Qe2 Nb3 23.Rfd1 Qf5 24.Rd3 Nxd4 25.Bxd4 Rxd4 26.Rxd4 Nc3 27.Qd3 Qxd3 
28.Rxd3 Nxb1 29.Kf1 f6 30.Nf3 Rxc4 31.Rb3 Nc3 32.Nd2 Rc7 33.Ke1 Kf7 34.Nf3
Nd5 35.Nd4 Rc3 36.Rxc3 Nxc3 37.Nc6 a5 38.Nd4 e5 39.Nc2 Ke6 40.Kd2 Nd5 41.
g3 Kf5 42.f3 b5 43.Kd3 h5 44.Na1 b4 45.axb4 Nxb4+ 46.Kc4 e4 47.fxe4+ Kxe4 
48.Nb3 Nc6 49.Kc5 Ne5 50.Nxa5 Ng4 51.Nc4 Nxh2 52.Nd6+ Kf3 53.Ne8 Nf1 54.
Nxg7 Nxg3 0-1

[Event "13th Africa-ch (w)"]
[Site "Hammamet TUN"]
[Date "2019.07.12"]
[Round "4.8"]
[White "Ibrahim, Aishat"]
[Black "Ampaire, Shakira"]
[Result "0-1"]
[WhiteElo "1661"]
[BlackElo "1651"]
[EventDate "2019.07.09"]
[PlyCount "86"]

1.d4 Nf6 2.Nf3 g6 3.Bf4 Bg7 4.e3 O-O 5.h3 b6 6.Nbd2 Bb7 7.c3 d6 8.Bd3 Nbd7
9.O-O c5 10.Re1 Re8 11.a4 e5 12.dxe5 dxe5 13.Bg5 e4 14.Bb5 exf3 15.Nxf3 
Re7 16.Qe2 a6 17.Bxd7 Rxd7 18.Rad1 Qe8 19.Bxf6 Bxf6 20.Nh2 Rad8 21.Ng4 Bg7
22.Rxd7 Rxd7 23.Rd1 Qd8 24.Rxd7 Qxd7 25.e4 h5 26.Nh2 Qxa4 27.f3 Qd7 28.Nf1
Bh6 29.Kh2 b5 30.g3 b4 31.f4 Bc8 32.h4 bxc3 33.bxc3 Bg7 34.e5 Bb7 35.Ne3 
Qc6 36.Qd1 c4 37.Qd8+ Bf8 38.Qd1 Qe4 39.Qc1 Bc5 40.Qd1 Qxe3 41.Qd8+ Bf8 
42.Qd7 Qf2+ 43.Kh3 Qg2# 0-1

[Event "13th Africa-ch (w)"]
[Site "Hammamet TUN"]
[Date "2019.07.12"]
[Round "4.9"]
[White "Mululu, Linah"]
[Black "Hwass, Zaineb"]
[Result "0-1"]
[WhiteElo "1648"]
[BlackElo "1403"]
[EventDate "2019.07.09"]
[PlyCount "71"]

1.d4 d5 2.Nf3 Bf5 3.c4 dxc4 4.Qa4+ Bd7 5.Qxc4 e6 6.g3 Nf6 7.Ne5 h6 8.Bg2 
c6 9.Nxd7 Nbxd7 10.e4 Nb6 11.Qd3 Be7 12.O-O O-O 13.e5 Nfd5 14.a3 c5 15.
dxc5 Bxc5 16.b4 Be7 17.Qe4 Qc7 18.Be3 Rfc8 19.Nd2 Qd8 20.Rac1 Nxe3 21.Qxe3
Nd5 22.Qe2 Rab8 23.Nc4 Nb6 24.Na5 Rc7 25.Rxc7 Qxc7 26.Qe4 Nd5 27.Re1 b6 
28.Nc4 Rc8 29.Bf1 Rd8 30.Bd3 g6 31.h4 h5 32.Ne3 Qc3 33.Nc2 a5 34.b5 Bxa3 
35.Nxa3 Qxa3 36.Bc4 0-1

[Event "13th Africa-ch (w)"]
[Site "Hammamet TUN"]
[Date "2019.07.12"]
[Round "4.10"]
[White "Yavo, Tchetche Marie"]
[Black "Hilali, Wissal"]
[Result "0-1"]
[WhiteElo "1393"]
[BlackElo "1468"]
[EventDate "2019.07.09"]
[PlyCount "100"]

1.d4 d5 2.c4 dxc4 3.e4 e5 4.Nf3 exd4 5.Qxd4 Qxd4 6.Nxd4 a6 7.Bxc4 b5 8.Bd5
Ra7 9.e5 Ne7 10.Be4 c5 11.Nf3 Bb7 12.Bxb7 Rxb7 13.O-O Nbc6 14.Nc3 Ng6 15.
Re1 Nb4 16.Re2 Be7 17.a3 Nd3 18.e6 O-O 19.exf7+ Rxf7 20.Be3 c4 21.Rd1 Bf6 
22.Bd4 Bxd4 23.Nxd4 Rf8 24.g3 Rd7 25.Nc2 Rdf7 26.f4 Nxb2 27.Rd6 Ra8 28.
Ree6 Rfa7 29.Nd4 Nf8 30.Re5 Nd3 31.Rg5 Rd7 32.Rxd7 Nxd7 33.Ne6 g6 34.f5 
N3e5 35.Kg2 Kf7 36.Nc7 Ra7 37.fxg6+ hxg6 38.N7d5 Nd3 39.Rg4 Nf6 40.Nxf6 
Kxf6 41.Nd5+ Kf5 42.h3 Rd7 43.Nc3 Re7 44.Nd5 Re4 45.Rxe4 Kxe4 46.Nc3+ Ke3 
47.h4 Kd2 48.Ne4+ Kc2 49.g4 c3 50.Kf3 Kb3 0-1

[Event "13th Africa-ch (w)"]
[Site "Hammamet TUN"]
[Date "2019.07.13"]
[Round "5.2"]
[White "Latreche, Sabrina"]
[Black "Miladi, Amen"]
[Result "1/2-1/2"]
[WhiteElo "2062"]
[BlackElo "1777"]
[EventDate "2019.07.09"]
[PlyCount "174"]

1.e4 c5 2.Nf3 e6 3.d4 cxd4 4.Nxd4 a6 5.c4 Nf6 6.Nc3 Bb4 7.Bd3 Nc6 8.Ne2 d5
9.cxd5 exd5 10.exd5 Nxd5 11.O-O Nxc3 12.bxc3 Be7 13.Qc2 Ne5 14.Be4 Ng6 15.
Rd1 Qc7 16.Be3 O-O 17.Rab1 Bd6 18.h3 Qe7 19.c4 f5 20.Bd5+ Kh8 21.c5 Bb8 
22.c6 bxc6 23.Bxc6 Qc7 24.Bb6 Qh2+ 25.Kf1 Qh1+ 26.Ng1 a5 27.Bxa8 Ba6+ 28.
Ke1 Qxg1+ 29.Kd2 Bf4+ 30.Kc3 Qh2 31.Bc6 Ne5 32.Rh1 Rc8 33.Rxh2 Rxc6+ 34.
Kb2 Rxc2+ 35.Kxc2 Bd3+ 36.Kc3 Bxb1 37.g3 Nf3 38.Rh1 Be5+ 39.Kb3 Nd2+ 40.
Ka4 Bxa2 41.Bxa5 Nc4 42.Re1 Kg8 43.Re2 Bb1 44.f4 Bf6 45.Bb4 Be4 46.Kb5 Nb2
47.Rd2 Nd3 48.Bd6 Bc3 49.Rc2 Be1 50.g4 Bg3 51.Rc8+ Kf7 52.gxf5 Bxf5 53.
Rc7+ Kf6 54.Be7+ Ke6 55.Bf8 Bxf4 56.Rxg7 Bh6 57.Re7+ Kf6 58.Bxh6 Kxe7 59.
h4 Ne5 60.Kc5 Kf7 61.Bg5 Nf3 62.Bd8 Kg6 63.Kd6 Kh5 64.Kd5 Nxh4 65.Ke5 Bc8 
66.Kf4 Ng6+ 67.Kg3 Ne5 68.Bf6 Nf7 69.Kf4 Kg6 70.Be7 h5 71.Kg3 Bg4 72.Kf4 
Bd1 73.Bh4 Nh6 74.Bg3 Nf5 75.Bh2 h4 76.Bg1 Be2 77.Bh2 Nd4 78.Ke3 Nf3 79.
Bb8 Bd1 80.Kf4 Kh5 81.Bc7 Ng5 82.Bb6 Ne6+ 83.Kf5 h3 84.Bg1 Nd4+ 85.Kf4 Kh4
86.Bf2+ Kh5 87.Kg3 Nf3 1/2-1/2

[Event "13th Africa-ch (w)"]
[Site "Hammamet TUN"]
[Date "2019.07.13"]
[Round "5.6"]
[White "Ampaire, Shakira"]
[Black "Mezioud, Amina"]
[Result "0-1"]
[WhiteElo "1651"]
[BlackElo "2128"]
[EventDate "2019.07.09"]
[PlyCount "127"]

1.Nf3 Nf6 2.g3 d5 3.d4 Bf5 4.Bg2 h6 5.c4 e6 6.cxd5 exd5 7.O-O Nbd7 8.Nc3 
c6 9.Bf4 Be7 10.Qb3 Qb6 11.Qxb6 axb6 12.Ne5 Nxe5 13.Bxe5 O-O 14.Bxf6 Bxf6 
15.e3 b5 16.a3 Ra7 17.Rad1 Re8 18.Rfe1 Raa8 19.f3 Rad8 20.e4 dxe4 21.fxe4 
Bxd4+ 22.Kf1 Be6 23.Bf3 Bh3+ 24.Ke2 f5 25.Bh5 Re6 26.Bf3 Rdd6 27.Rd2 Bxc3 
28.Rxd6 Rxd6 29.bxc3 fxe4 30.Bxe4 Be6 31.Ke3 Bc4 32.Rb1 Kf7 33.a4 Kf6 34.
axb5 Bxb5 35.Rb2 Rd7 36.Rf2+ Ke7 37.Bg6 Bc4 38.Rd2 Bd5 39.h4 Rd6 40.Bf5 b6
41.g4 g6 42.Bc2 Re6+ 43.Kf2 Rf6+ 44.Ke1 Bc4 45.Rf2 Re6+ 46.Kd2 Kd6 47.h5 
g5 48.Bg6 Kc5 49.Bf7 Rd6+ 50.Kc2 Bxf7 51.Rxf7 Kc4 52.Rg7 Re6 53.Rg6 Kd5 
54.Rg8 Ke5 55.Rf8 Rf6 56.Rxf6 Kxf6 57.Kd3 Ke5 58.Ke3 b5 59.Kf3 c5 60.Ke3 
b4 61.cxb4 cxb4 62.Kd3 Kf4 63.Kc4 Kxg4 64.Kxb4 0-1

[Event "13th Africa-ch (w)"]
[Site "Hammamet TUN"]
[Date "2019.07.13"]
[Round "5.7"]
[White "Marzouk, Amira"]
[Black "Hwass, Zaineb"]
[Result "1-0"]
[WhiteElo "1667"]
[BlackElo "1403"]
[EventDate "2019.07.09"]
[PlyCount "95"]

1.d4 d5 2.Bf4 Nf6 3.e3 e6 4.Nf3 c5 5.c3 Be7 6.Nbd2 O-O 7.Bd3 Nc6 8.O-O b6 
9.h3 Bb7 10.Ne5 Nb8 11.Qf3 Nbd7 12.Bh2 g6 13.Qe2 Kg7 14.a4 a6 15.f4 h6 16.
g4 Nh7 17.f5 exf5 18.gxf5 g5 19.Ndf3 Bf6 20.Nxd7 Qxd7 21.Ne5 Bxe5 22.dxe5 
f6 23.e6 Qe7 24.Qh5 Qe8 25.Qg6+ Kh8 26.Qxh6 Qe7 27.Be2 Qg7 28.Qxg7+ Kxg7 
29.Bh5 Bc6 30.Bc7 b5 31.axb5 Bxb5 32.Rfd1 Bc6 33.Bd6 Rfd8 34.Bxc5 g4 35.
hxg4 Ng5 36.Kg2 d4+ 37.Kf1 d3 38.Bd4 Bb5 39.b3 d2+ 40.c4 Bc6 41.Rxd2 Ne4 
42.Rda2 Ng3+ 43.Kf2 Nxh5 44.gxh5 Bb7 45.Rg1+ Kh6 46.Rg6+ Kxh5 47.Kf1 Bc6 
48.Rh2# 1-0

[Event "13th Africa-ch (w)"]
[Site "Hammamet TUN"]
[Date "2019.07.13"]
[Round "5.8"]
[White "Hilali, Wissal"]
[Black "Nassr, Lina"]
[Result "0-1"]
[WhiteElo "1468"]
[BlackElo "1982"]
[EventDate "2019.07.09"]
[PlyCount "66"]

1.d4 d5 2.Bf4 Nf6 3.e3 c5 4.c3 Nc6 5.Nd2 Bf5 6.Ngf3 e6 7.Ne5 h6 8.Bb5 Qb6 
9.Qa4 Rc8 10.dxc5 Bxc5 11.b4 Be7 12.c4 a6 13.Bxc6+ bxc6 14.c5 Qb7 15.Nb3 
Ne4 16.Na5 Qb5 17.Qb3 Nxc5 18.bxc5 Qxa5+ 19.Ke2 Bxc5 20.Rac1 f6 21.Nd3 Be7
22.Rhd1 e5 23.Bg3 O-O 24.Qb7 Rc7 25.Qb2 Bd6 26.Rd2 Rfc8 27.Qb1 Rf7 28.Qb3 
Rb8 29.Qc3 Qxc3 30.Rxc3 Bxd3+ 31.Rdxd3 Rb2+ 32.Rd2 Rxd2+ 33.Kxd2 Bb4 0-1